|
|
|
|
| LEADER |
01040nam a22002297a 4500 |
| 001 |
44324 |
| 003 |
BD-DhAAL |
| 005 |
20250428113504.0 |
| 008 |
250422t2022 bg a|||| |||| 00| 0 eng d |
| 020 |
|
|
|a 9789843529800
|
| 082 |
|
|
|a 370.95492
|2 23
|
| 100 |
|
|
|a Chang, Vincent.
|9 58082
|
| 245 |
|
|
|a All for students :
|k interviews & speeches
|g Oct. 2019 - Feb. 2023 /
|c Vincent Chang.
|
| 260 |
|
|
|a Dhaka :
|b BRAC University,
|c 2023.
|
| 300 |
|
|
|a ix, 133 pages :
|b color illustrations,
|c 24 cm
|
| 541 |
|
|
|a Donated by Professor Syed Mahfuzul Aziz (Former Pro Vice-Chancellor)
|e 44324
|
| 650 |
|
|
|a Education
|z Bangladesh.
|
| 651 |
|
|
|a Bangladesh
|x Economic conditions.
|
| 852 |
|
|
|a Ayesha Abed Library
|c General Stacks
|
| 942 |
|
|
|2 ddc
|c BK
|
| 999 |
|
|
|c 47273
|d 47273
|
| 952 |
|
|
|0 0
|1 0
|2 ddc
|4 0
|6 370_954920000000000_CHA
|7 0
|9 77607
|a BRACUL
|b BRACUL
|c GEN
|d 2025-04-22
|e Donated by Professor Syed Mahfuzul Aziz (Former Pro Vice-Chancellor)
|l 0
|o 370.95492 CHA
|p 3010044324
|r 2025-04-22
|t 1
|w 2025-04-22
|y BK
|x Donated by Professor Syed Mahfuzul Aziz (Former Pro Vice-Chancellor)
|